00852nam a2200277Ia 4500008004000000020001800040041000800058082001700066100001800083245006300101250000500164260006400169300001500233650001300248650001300261650001100274650000700285650001300292650001600305650000700321690002100328700001800349906001100367999001900378952017700397210210b2017 xxu||||| |||| 00| 0 eng d a9789386286475 aeng a338.954 AGRI aAGRAWAL (A N) aIndian economy: problems of development and planning Ed 42 a aLondonbNew Age International (P) Limited Publishersc2017 axvi,741+24 aproblems aplanning aIndian aEd aeconomy: adevelopment a42 aIndian Economics aAGARWAL (M K) a071743 c121452d121452 001040708EconomicsaALbALcEconomicsd2021-02-17eBiblios Book Point, Surathkal-575014g425.00l1o338.954 AGRIp071743r2023-02-15 00:00:00s2023-02-06w2021-02-17yBK